000 00816cam a2200313 4500
001 J90470
008 090401t1998 xxu||||| |||| 00| 0 eng d
035 _a(Sirsi) u84933
041 _aeng
050 _a333.337
110 _aKnight Frank
_91530
245 _aGlobal office report. - March 1998 - November 1998
260 _aLondon
_bKnight Frank
_c1998
300 _a2 pt. ; 30cm.
350 _a0
650 _aAFRICA
650 _aAMERICA
650 _aASIA
650 _aAUSTRALASIA
650 _aEUROPE
650 _aPROPERTY-COMMERCIAL PROPERTY-OFFICE PROPERTY-OFFICE PROPERTY MARKET
650 _aOFFICES
650 _aRENTS
650 _aSERVICE CHARGES
650 _aYIELDS
690 _aPROPERTY-COMMERCIAL PROPERTY-COMMERCIAL PROPERTY MARKET
942 _n0
948 _c17/03/1998
999 _c96995
_d96995